000 00789nam0a22002531 4500
001 RU\INFOCOMM_318\5000050460
005 20250613102337.0
035 _a(NLR Aleph) 009440279
090 _a8340147
_c8340147
100 _a20121112d1957 |||y0rusy50 ca
101 0 _aeng
102 _aRU
105 _aa z |||||
200 1 _aHome electric washing machine type CM-1,5
_eInstructions for use
_f[Ministry of the electrical engineering industry of the USSR]
210 _aM.
_d[1957]
215 _a[12] с.
_cил.
_d29 см
620 _aМосква
686 _aТкт-42см-1.5
_2rubbk
712 0 2 _aUSSR
_bMinistry of the electrical engineering industry
_4570
801 1 _aRU
_bNLR
_c20121112
801 0 _aRU
_bINFOCOMM
_gPSBO
852 _aNLR
_jТ81 Г-8/50
942 _cBOOK
980 _aNB